Представление документа в формате RUSMARC

ПолеНазваниеЗначение
  Тип записи a
  Библиографический уровень m
001 Контрольный номер RU\bookru\bibl\918077
003 Постоянный идентификатор записи http://www.book.ru/book/918077
005 Дата корректировки 20161026112407.2
010 Индекс ISBN __
a ISBN 978-5-406-04672-2
100 Данные общей обработки 0_
a Данные общей обработки 20150826d2016 mk y0rusy50 ca
101 Язык документа 0_
a Язык текста Русский
102 Страна публикации __
a Страна публикации RU
105 Кодированные данные (монография) __
a Кодированные данные (монография) y ||||000yy
200 Заглавие и сведения об ответственности 1_
a Заглавие Безопасность жизнедеятельности (для бакалавров)
210 Выходные данные __
a Место издания Москва
c Издательство КноРус
d Дата издания 2016
215 Физическое описание __
a Объем 333
330 Аннотация __
a Аннотация Представлена совокупность теоретических знаний в области обеспечения безопасности жизнедеятельности, содержатся сведения о единой системе предупреждения и ликвидации чрезвычайных ситуаций, об оружии массового поражения и защите от него, о защите при стихийных бедствиях, авариях (катастрофах) на транспорте и производственных объектах, об обеспечении безопасности при неблагоприятной экологической и социальной обстановке. Соответствует ФГОС ВО нового поколения. Для студентов бакалавриата всех направлений подготовки, а также преподавателей вузов.
606 Тематические рубрики __
a Основная рубрика Экология
2 Код системы local
608 Указатель предметных рубрик __
a Жанр/форма Учебник
2 Код системы local
675 Индекс УДК __
a Индекс УДК 614.8(075.8)
z Язык издания rus
686 Индексы других классификаций __
a Классификационный индекс 68.9я73
2 Код системы rubbk
700 Автор _1
a Фамилия Микрюков В.Ю.
801 Источник записи _1
a Страна RU
b Организация book_ru
c Дата составления 20150826
g Правила каталогизации RCR
856 Электронный адрес документа 4_
u Универсальный указатель ресурса (URL) http://www.book.ru/book/918077
951 __
a http://www.book.ru/book/918077